| 000 | 00643cam a22002171 4500 | ||
|---|---|---|---|
| 001 | war27000004 | ||
| 003 | DLC | ||
| 005 | 20260227112812.0 | ||
| 008 | 740705s1927 xx 000 0 eng | ||
| 010 | _awar27000004 | ||
| 035 | _a(OCoLC)937181 | ||
| 040 |
_aDLC _cN _dOCoLC _dDLC |
||
| 042 | _apremarc | ||
| 050 | 0 | 0 |
_aUG447 _b.U65 1927 |
| 110 | 1 |
_aUnited States. _bArmy. _bChemical Corps. |
|
| 245 | 1 | 0 | _aExhibit of the Chemical Warfare Service, United States Army. |
| 260 |
_aWashington, _bU.S. Govt. Print. Off., _c1927. |
||
| 300 |
_a15 p. _billus. _c24 cm. |
||
| 500 | _aCover title. | ||
| 610 | 1 | 0 |
_aUnited States. _bArmy. _bChemical Corps. |
| 999 |
_c92403 _d92403 |
||